00237nam a2200097Ia 4500008004100000041001200041100001300053245006000066260000600126650000700132221030s9999 xx 000 0 und d aEnglish aR Lafore 0aObject - Oriented Programming in Turbo C++cby R Lafore c0 aMc